000
00346pam a2200157a 44500
008
230515b1986 xxu||||| |||| 00| 0 eng d
020
_a
NULL
041
_a
ENGLISH
082
_a
N.D.
100
_a
Schaums Series
245
_a
Programming With Pascal
250
_a
0
260
_a
NULL
_b
Mcgraw Hill
_c
1986
300
_a
407
650
_a
NULL
999
_c
570698
_d
570698